Library of the University of Algiers 3
Ibrahim Sultan Cheibout
شعار جامعة الجزائر 3
مكتبة جامعة الجزائر 3
إبراهيم سلطان شيبوط

إدارة البنوك (ك20) الجزء الثاني / (رقم التسجيلة. 46375)

تفاصيل مارك
000 -LEADER
fixed length control field 01571nam a2200205Ia 4500
003 - CONTROL NUMBER IDENTIFIER
control field Ost
005 - DATE AND TIME OF LATEST TRANSACTION
control field 20260507075804.0
008 - FIXED-LENGTH DATA ELEMENTS--GENERAL INFORMATION
fixed length control field 260507s9999||||xx |||||||||||||| ||und||
040 ## - CATALOGING SOURCE
Transcribing agency fsecg
041 ## - LANGUAGE CODE
Language code of text/sound track or separate title ara
100 ## - MAIN ENTRY--PERSONAL NAME
Personal name أبو زيد، حامد الدسوقي
Relator term مؤلف
245 #0 - TITLE STATEMENT
Title إدارة البنوك (ك20) الجزء الثاني /
Statement of responsibility, etc. حامد الدسوقي أبو زيد
260 ## - PUBLICATION, DISTRIBUTION, ETC.
Place of publication, distribution, etc. القاهرة:
Name of publisher, distributor, etc. مطبعة مركز التعليم المفتوح,
Date of publication, distribution, etc. 1994
300 ## - PHYSICAL DESCRIPTION
Extent 323 صفحة؛
Other physical details إيضاحات ؛
Dimensions 24 سم
504 ## - BIBLIOGRAPHY, ETC. NOTE
Bibliography, etc. note مراجع ص.316
520 ## - SUMMARY, ETC.
Summary, etc. بيئة العمل الداخلية للبنك و تاثيرها على الاداء و التوزيع لخدماته، البيئة الخارجية للبنك و تاثيرها على الاداء و التوزيع للخدمات المقدمة للعملاء، كيفية الوقوف على تاثير البيئة على عمليات البنك، تخطيط أعمال البنك، تنظيم أعمال البنك، توجيه مقدمي الخدمات البنكية، الرقابة على الاداء العام للبنك، الرقابة على الخدمة البنكية، التطبيق العملي للرقابة على الاداء العام للبنك، قياس واستخدام تكلفة مصادر التمويل في البنك، ربحية البنك، سيولة وأمان عمليات البنك، مدى ملاءمة رأس مال البنوك، رياضيات البنوك.
653 ## - INDEX TERM--UNCONTROLLED
Uncontrolled term البنوك
653 ## - INDEX TERM--UNCONTROLLED
Uncontrolled term الرقابة
942 ## - ADDED ENTRY ELEMENTS (KOHA)
Koha item type كتب
المقتنيات
Withdrawn status Lost status Source of classification or shelving scheme Damaged status Not for loan Home library Current library Date acquired Serial enumeration / chronology Inventory number Total checkouts Full call number Barcode Date last seen Price effective from Koha item type
    Library of Congress Classification   NOT LOAN / إعارة داخلية مكتبة كلية العلوم الإقتصادية والعلوم التجارية وعلوم التسيير مكتبة كلية العلوم الإقتصادية والعلوم التجارية وعلوم التسيير 07/05/2026 الطابق الأرضي 1649/20/2/1   أ1649ك20ج1ن1 1649/20/2/1 07/05/2026 07/05/2026 كتب
    Dewey Decimal Classification   Available مكتبة كلية العلوم الإقتصادية والعلوم التجارية وعلوم التسيير مكتبة كلية العلوم الإقتصادية والعلوم التجارية وعلوم التسيير 07/05/2026 الطابق الثاني 1649/20/2/2   أ1649ك20ج1ن2 1649/20/2/2 07/05/2026 07/05/2026 كتب

موارد الويب المفتوحة


© University of Algiers 3 All Rights Reserved
|
Implemented by LECHELAH Riad